书目信息 |
| 题名: |
拖拉机修理工艺
|
|
| 作者: | ;黑龙江省农业机械厅 编 | |
| 分册: | ||
| 出版信息: | 哈尔滨 黑龙江人民出版社 1965.01 |
|
| 页数: | 211页 | |
| 开本: | 21cm | |
| 丛书名: | ||
| 单 册: | ||
| 中图分类: | S238 | |
| 科图分类: | ||
| 主题词: | 农业机械化 | |
| 电子资源: | ||
| ISBN: | ||
| 000 | 00629nam0 2200205 450 | |
| 001 | 0658146578 | |
| 005 | 20061122161054.14 | |
| 010 | @dCNY0.75 | |
| 091 | @a15093.74 | |
| 100 | @a20061122d1965 km y0chiy0120 ea | |
| 101 | 0 | @achi |
| 102 | @aCN@b230000 | |
| 200 | 1 | @a拖拉机修理工艺@Atuo la ji xiu li gong yi@f黑龙江省农业机械厅编@Fhei long jiang sheng nong ye ji xie ting bian |
| 210 | @a哈尔滨@c黑龙江人民出版社@d1965.01 | |
| 215 | @a211页@d21cm | |
| 606 | 0 | @a农业机械化 |
| 690 | @aS238@v3 | |
| 711 | 0 | @a黑龙江省农业机械厅@Ahei long jiang sheng nong ye ji xie ting@4编 |
| 801 | 0 | @aCN@bPFT@c20061122 |
| 905 | @a10447@dS238@e8 | |
| 拖拉机修理工艺/黑龙江省农业机械厅编.-哈尔滨:黑龙江人民出版社,1965.01 |
| 211页;21cm |
| ISBN :CNY0.75 |
| ● |
| 相关链接 |
|
|
|
|
正题名:拖拉机修理工艺
索取号:S238/8
 
预约/预借
| 序号 | 登录号 | 条形码 | 馆藏地/架位号 | 状态 | 备注 |
| 1 | 0017874 | 000717200 | 第二样本阅览室/ [索取号:S238/8] | 在馆 |